Dexter - Acronyms - Statistics

General Stats
  • This quiz has been taken 28 times
  • The average score is 3 of 9
Answer Stats
Hint Answer % Correct
BHB Bay Harbor Butcher
100%
DDK Doomsday Killer
79%
ITK Ice Truck Killer
75%
LFI Lead Forensic Investigator
25%
BGG Barrel Girl Gang
13%
MMH Miami Metro Homicide
13%
ADA Assistant District Attorney
4%
BSA Blood Spatter Analyst
4%
NHI No Human Involved
4%
No matching quizzes found
Score Distribution
Percent of People with Each Score
Percentile by Number Answered
Your Score History
You have not taken this quiz